Agronomy of Mukibat Cassava (Record no. 54014)

MARC details
000 -LEADER
fixed length control field 00364nam a2200121Ia 4500
100 ## - MAIN ENTRY--AUTHOR NAME
Personal name Guritno B
245 #0 - TITLE STATEMENT
Title Agronomy of Mukibat Cassava
260 ## - PUBLICATION, DISTRIBUTION, ETC. (IMPRINT)
Name of publisher Proceedings, Sixth symposium of the International Society for tropical root crops
Year of publication 1984
300 ## - PHYSICAL DESCRIPTION
Number of Pages 25-29
650 ## - SUBJECT ADDED ENTRY--TOPICAL TERM
Topical Term Manihot glaziovii
942 ## - ADDED ENTRY ELEMENTS (KOHA)
Koha item type Journals
Holdings
Withdrawn status Lost status Damaged status Not for loan Home library Current library Date acquired Koha item type
      Journals RRII Library RRII Library 17/12/2021 Journals